[Event "46th Guernsey Open"]
[Site "?"]
[Date "2022.10.16"]
[Round "1"]
[White "Jackson, Sheila"]
[Black "Stanners, Michael J"]
[Result "1-0"]
[WhiteElo "2077"]
[BlackElo "1751"]
[PlyCount "97"]
[EventDate "2022.??.??"]

1. e4 c5 2. Nf3 d6 3. Bb5+ Nd7 4. Ba4 Ngf6 5. O-O a6 6. d3 b5 7. Bb3 e6 8. a4
b4 9. Nbd2 Be7 10. Re1 O-O 11. d4 cxd4 12. Nxd4 Nb8 13. Nf1 Qc7 14. Ng3 Nc6 15.
Be3 Nxd4 16. Bxd4 Bb7 17. a5 Nd7 18. Qd2 Rab8 19. Ra4 Rfe8 20. Rxb4 Qxa5 21.
Bc3 Qd8 22. Ba4 d5 23. Rb3 Nc5 24. Rxb7 Nxa4 25. Ba5 Qc8 26. Rc7 Qd8 27. Rb7
Qc8 28. Rxb8 Qxb8 29. b3 Nb6 30. Qd4 Nd7 31. exd5 Bc5 32. Qd2 exd5 33. Rxe8+
Qxe8 34. Qxd5 Bf8 35. Kf1 Nf6 36. Qd3 Qe6 37. h3 h5 38. Qf5 Qd6 39. Qd3 Qe6 40.
c4 Bd6 41. Nf5 Bf8 42. Be1 g6 43. Ne3 Qb6 44. Nd5 Nxd5 45. cxd5 a5 46. Bd2 Kg7
47. Bc3+ f6 48. Bd4 Qd8 49. Qb5 1-0

[Event "46th Guernsey Open"]
[Site "?"]
[Date "2022.10.16"]
[Round "1"]
[White "Rutten, David"]
[Black "Liu, Jack"]
[Result "0-1"]
[WhiteElo "1750"]
[BlackElo "1780"]
[PlyCount "48"]
[EventDate "2022.??.??"]

1. d4 Nf6 2. Nf3 g6 3. c4 Bg7 4. g3 O-O 5. Bg2 d5 6. cxd5 Nxd5 7. e4 Nb6 8. O-O
Nc6 9. Be3 Bg4 10. e5 Qd7 11. Nc3 Rad8 12. Ne2 Nb4 13. Qd2 N4d5 14. Rac1 c6 15.
Bh6 f6 16. Bxg7 Kxg7 17. exf6+ exf6 18. Rfe1 Rfe8 19. b3 Nc8 20. a4 Nd6 21. Qb2
Re7 22. Kf1 Rde8 23. Neg1 Qf5 24. h3 Qd3+ 0-1

[Event "46th Guernsey Open"]
[Site "?"]
[Date "2022.10.16"]
[Round "1"]
[White "Curtis, John E"]
[Black "Remie, Peter"]
[Result "1/2-1/2"]
[WhiteElo "2046"]
[BlackElo "1749"]
[PlyCount "33"]
[EventDate "2022.??.??"]

1. d4 Nf6 2. Nf3 e6 3. e3 d5 4. Bd3 Be7 5. Nbd2 c5 6. c3 Nc6 7. O-O O-O 8. dxc5
Bxc5 9. e4 dxe4 10. Nxe4 Nxe4 11. Bxe4 Qc7 12. Qe2 Rd8 13. Bg5 f6 14. Be3 Bxe3
15. Qxe3 e5 16. Qc5 Qd6 17. Qxd6 1/2-1/2

[Event "46th Guernsey Open"]
[Site "?"]
[Date "2022.10.16"]
[Round "1"]
[White "Morgan, Jamie"]
[Black "Dilleigh, Stephen P"]
[Result "1/2-1/2"]
[WhiteElo "1741"]
[BlackElo "2041"]
[PlyCount "45"]
[EventDate "2022.??.??"]

1. e4 c6 2. Nc3 d5 3. Nf3 dxe4 4. Nxe4 Nf6 5. Qe2 Nxe4 6. Qxe4 Nd7 7. Bc4 Nf6
8. Ne5 e6 9. Qe2 Qd4 10. c3 Qe4 11. Qxe4 Nxe4 12. O-O Bd6 13. d4 O-O 14. f3 Nf6
15. Bd2 c5 16. Be3 Nd5 17. Bf2 cxd4 18. cxd4 f6 19. Nd3 b6 20. Rfe1 Bd7 21. Ba6
Nc7 22. Bc4 Nd5 23. Ba6 1/2-1/2

[Event "46th Guernsey Open"]
[Site "?"]
[Date "2022.10.16"]
[Round "1"]
[White "Wager, John D"]
[Black "Owen, Garth I"]
[Result "1-0"]
[WhiteElo "2034"]
[BlackElo "1740"]
[PlyCount "121"]
[EventDate "2022.??.??"]

1. Nf3 Nf6 2. d4 g6 3. c4 Bg7 4. Nc3 d6 5. Bg5 O-O 6. e3 h6 7. Bh4 c5 8. d5 Bf5
9. Nd2 g5 10. Bg3 Nbd7 11. e4 Bg6 12. Be2 Nh7 13. h4 gxh4 14. Bxh4 f5 15. Bh5
Ne5 16. Bxg6 Nxg6 17. Qh5 Nf4 18. Qf3 fxe4 19. Qxe4 Qe8 20. O-O-O Qg6 21. Qxg6
Nxg6 22. Bg3 Nf4 23. Bxf4 Rxf4 24. f3 a6 25. Rde1 Rf7 26. Re2 Nf6 27. Rhe1 Kf8
28. a4 Nh5 29. Nde4 Nf4 30. Rd2 Ng6 31. Kc2 Ne5 32. b3 Ng6 33. Rf1 Nh4 34. Ng3
Ke8 35. Rh1 Ng6 36. Nge2 Kd7 37. Rd3 Ne5 38. Re3 Rg8 39. Re4 Bf6 40. Nf4 Rh7
41. Nce2 Nf7 42. g4 Ne5 43. Rh3 Nf7 44. Ne6 Ng5 45. Nxg5 Rxg5 46. Ng3 Re5 47.
f4 Rxe4 48. Nxe4 Rh8 49. Kd3 Bg7 50. Ng3 Rg8 51. Nf5 Bf8 52. Rh4 Rg6 53. Ke4 e6
54. Ne3 exd5+ 55. Nxd5 Be7 56. Kf5 Re6 57. Nb6+ Kc6 58. Kxe6 Bxh4 59. Nd5 b5
60. f5 bxc4 61. bxc4 1-0

[Event "46th Guernsey Open"]
[Site "?"]
[Date "2022.10.16"]
[Round "1"]
[White "Wynarczyk, Raymond"]
[Black "Teeuwen, Jos"]
[Result "1/2-1/2"]
[WhiteElo "1739"]
[BlackElo "2029"]
[PlyCount "63"]
[EventDate "2022.??.??"]

1. e4 c5 2. Nf3 e6 3. Nc3 Nc6 4. d4 cxd4 5. Nxd4 Nf6 6. Ndb5 Bc5 7. Nd6+ Ke7 8.
Bf4 e5 9. Nf5+ Kf8 10. Bg5 d6 11. Ne3 h6 12. Bxf6 Qxf6 13. Ncd5 Qd8 14. Be2 Be6
15. O-O g6 16. a3 a5 17. Bg4 Kg7 18. Kh1 h5 19. Be2 Qh4 20. Bd3 Bg4 21. f3 Be6
22. Qe1 Qg5 23. f4 exf4 24. Nxf4 Ne5 25. Nxe6+ fxe6 26. Nc4 Rhf8 27. Qc3 Rxf1+
28. Rxf1 Rf8 29. Nxe5 Rxf1+ 30. Bxf1 Qxe5 31. Qxe5+ dxe5 32. c4 1/2-1/2

[Event "46th Guernsey Open"]
[Site "?"]
[Date "2022.10.16"]
[Round "1"]
[White "Hewson, Brian WR"]
[Black "Kirk, Matthew"]
[Result "1/2-1/2"]
[WhiteElo "2028"]
[BlackElo "1738"]
[PlyCount "105"]
[EventDate "2022.??.??"]

1. d4 d5 2. Nf3 Nf6 3. c4 c6 4. Nc3 e6 5. e3 Nbd7 6. Bd3 dxc4 7. Bxc4 b5 8. Bd3
a6 9. O-O Bb7 10. Qe2 c5 11. Rd1 b4 12. Na4 cxd4 13. exd4 Qa5 14. b3 Bd6 15.
Nb2 Qh5 16. Nc4 Bc7 17. Nfe5 Qxe2 18. Bxe2 O-O 19. Bd2 a5 20. Rac1 Rfc8 21. f3
Nb6 22. Be1 Nfd5 23. Nxb6 Bxb6 24. Nc4 Bc7 25. g3 Ba6 26. Kf2 f6 27. f4 g5 28.
fxg5 fxg5 29. Bd2 Rf8+ 30. Kg1 h6 31. Bg4 Rae8 32. Re1 Rf6 33. Rf1 Ref8 34.
Rxf6 Rxf6 35. Re1 Kf7 36. Ne5+ Ke7 37. Be2 Bxe2 38. Rxe2 Bxe5 39. dxe5 Rf8 40.
Be1 Nc3 41. Rc2 Rc8 42. Bf2 Rd8 43. Bc5+ Kf7 44. Bd6 Nb5 45. Rf2+ Kg7 46. Bc5
Rd5 47. Bb6 Nc3 48. Bc7 Ne4 49. Rc2 Nc3 50. Kg2 Rc5 51. Bd6 Rd5 52. Bc7 Rc5 53.
Bd6 1/2-1/2

[Event "46th Guernsey Open"]
[Site "?"]
[Date "2022.10.16"]
[Round "1"]
[White "Moyroud, Pierre"]
[Black "Waddington, Mike P"]
[Result "1-0"]
[WhiteElo "1705"]
[BlackElo "2027"]
[PlyCount "61"]
[EventDate "2022.??.??"]

1. d4 Nf6 2. c4 c5 3. d5 b5 4. cxb5 a6 5. bxa6 Bxa6 6. Nc3 g6 7. e4 Bxf1 8.
Kxf1 d6 9. g3 Bg7 10. Nf3 Nbd7 11. Kg2 O-O 12. Re1 Qa5 13. a4 Rfb8 14. h3 Ne8
15. Qc2 Nc7 16. Bg5 Rxb2 17. Qxb2 Bxc3 18. Qb7 Bxe1 19. Rxe1 f6 20. Bd2 Qa7 21.
Rb1 Na6 22. a5 Kf7 23. Qc6 Rb8 24. Rxb8 Ndxb8 25. Qc8 g5 26. Bxg5 Nd7 27. Qh8
Ne5 28. Bh6 Qb8 29. Nxe5+ dxe5 30. Qxh7+ Ke8 31. Qg8+ 1-0

[Event "46th Guernsey Open"]
[Site "?"]
[Date "2022.10.16"]
[Round "1"]
[White "Starley, Robert"]
[Black "Goris Schouwstra, Adry"]
[Result "1-0"]
[WhiteElo "2020"]
[BlackElo "1695"]
[PlyCount "35"]
[EventDate "2022.??.??"]

1. e4 e6 2. d4 d5 3. Nc3 Nf6 4. Bg5 Be7 5. e5 Nfd7 6. h4 h6 7. Bxe7 Qxe7 8. Qg4
f5 9. Qg6+ Qf7 10. Qg3 a6 11. f4 c5 12. Nf3 Nc6 13. O-O-O b5 14. Nxd5 Ndxe5 15.
Nxe5 Nxe5 16. Nb6 Rb8 17. Nxc8 Rxc8 18. dxe5 1-0

[Event "46th Guernsey Open"]
[Site "?"]
[Date "2022.10.16"]
[Round "1"]
[White "Norman, Dinah M"]
[Black "Thurlow, Kevin J"]
[Result "0-1"]
[WhiteElo "1692"]
[BlackElo "2019"]
[PlyCount "52"]
[EventDate "2022.??.??"]

1. d4 Nf6 2. Nf3 e6 3. Bg5 Be7 4. e3 d5 5. c3 O-O 6. Be2 Nbd7 7. O-O b6 8. Nbd2
Bb7 9. a4 c5 10. h3 Ne4 11. Bxe7 Qxe7 12. a5 f5 13. Qc2 g5 14. Nxe4 dxe4 15.
Nd2 Nf6 16. axb6 axb6 17. dxc5 bxc5 18. Nc4 Qc7 19. Rxa8 Bxa8 20. Rd1 Bd5 21.
Ra1 f4 22. Bf1 g4 23. h4 g3 24. fxg3 f3 25. gxf3 exf3 26. Kh2 Ne4 0-1

[Event "46th Guernsey Open"]
[Site "?"]
[Date "2022.10.16"]
[Round "1"]
[White "Schroeder, Gerhard"]
[Black "Glover, John"]
[Result "1/2-1/2"]
[WhiteElo "2017"]
[BlackElo "1678"]
[PlyCount "80"]
[EventDate "2022.??.??"]

1. d4 Nf6 2. c4 c5 3. d5 b5 4. cxb5 a6 5. bxa6 Bxa6 6. Nc3 g6 7. e4 Bxf1 8.
Kxf1 d6 9. g3 Bg7 10. Kg2 Nbd7 11. Nf3 O-O 12. h3 Qa5 13. Qc2 Rfb8 14. a4 Qd8
15. Ra3 Ne8 16. Nd1 Nc7 17. Nd2 Na6 18. b3 Nb4 19. Nc4 Ne5 20. Ndb2 Nxc4 21.
Nxc4 Bd4 22. Bb2 Bxb2 23. Qxb2 e6 24. dxe6 fxe6 25. Rd1 Ra6 26. Raa1 d5 27.
exd5 exd5 28. Qe5 Qe8 29. Rxd5 Nxd5 30. Qxd5+ Qe6 31. Qxc5 Rxb3 32. Ne5 Rb8 33.
Rd1 Rc8 34. Qd4 Rca8 35. Ra1 Ra5 36. Ng4 Kf8 37. Qh8+ Qg8 38. Qf6+ Qf7 39. Qh8+
Qg8 40. Qf6+ Qf7 1/2-1/2

[Event "46th Guernsey Open"]
[Site "?"]
[Date "2022.10.16"]
[Round "1"]
[White "Murray, J Stephen"]
[Black "Fegan, Chris"]
[Result "1/2-1/2"]
[WhiteElo "1671"]
[BlackElo "2013"]
[PlyCount "46"]
[EventDate "2022.??.??"]

1. e4 c5 2. Be2 Nc6 3. f4 e5 4. d3 Nf6 5. Nf3 Bd6 6. fxe5 Nxe5 7. O-O Qc7 8.
Nbd2 Neg4 9. e5 Nxe5 10. Nxe5 Bxe5 11. Nf3 O-O 12. c3 Re8 13. Bg5 h6 14. Bh4 g5
15. Nxe5 Qxe5 16. Bg3 Qxe2 17. Rxf6 Qxd1+ 18. Rxd1 d5 19. Rdf1 Be6 20. Rxh6 Bg4
21. d4 cxd4 22. cxd4 Re6 23. Rxe6 Bxe6 1/2-1/2

[Event "46th Guernsey Open"]
[Site "?"]
[Date "2022.10.16"]
[Round "1"]
[White "Nordby, Bernt"]
[Black "Frijling, Jeroen"]
[Result "1/2-1/2"]
[WhiteElo "2012"]
[BlackElo "1669"]
[PlyCount "61"]
[EventDate "2022.??.??"]

1. d4 Nf6 2. c4 c6 3. Nf3 d5 4. e3 Bf5 5. cxd5 cxd5 6. Qb3 Qc7 7. Bb5+ Bd7 8.
Bd2 Nc6 9. O-O e6 10. Re1 a6 11. Bxc6 bxc6 12. Nc3 Rb8 13. Qc2 Bd6 14. Rac1 O-O
15. e4 dxe4 16. Nxe4 Be7 17. Ne5 Rfc8 18. Ng5 Be8 19. Bf4 Bd6 20. Qe2 Rb4 21.
Ngf3 Nd5 22. Bd2 Rxd4 23. Nxd4 Bxe5 24. Nf3 Bd6 25. Qxa6 c5 26. b4 c4 27. Rxc4
Qxc4 28. Qxd6 Qxa2 29. Rxe6 Qc4 30. h3 Qc7 31. Qxc7 1/2-1/2

[Event "46th Guernsey Open"]
[Site "?"]
[Date "2022.10.16"]
[Round "1"]
[White "Jongerius, Marc"]
[Black "Kirby, Peter J"]
[Result "0-1"]
[WhiteElo "1669"]
[BlackElo "2011"]
[PlyCount "112"]
[EventDate "2022.??.??"]

1. d4 Nf6 2. c4 g6 3. Nc3 Bg7 4. e4 d6 5. Nf3 O-O 6. h3 e5 7. d5 a5 8. Be3 Na6
9. a3 Bd7 10. Be2 Nh5 11. g3 Qc8 12. Nh4 Nf6 13. g4 Nc5 14. Bxc5 dxc5 15. g5
Ne8 16. Qd3 Qd8 17. Qe3 b6 18. Nf3 Nd6 19. O-O-O f5 20. gxf6 Qxf6 21. Rdg1 Qf4
22. Qxf4 Rxf4 23. Rg5 Bh6 24. Kb1 Bxg5 25. Nxg5 Rxf2 26. Rg1 Raf8 27. Ne6 Bxe6
28. dxe6 Rxe2 29. Nxe2 Rf2 30. Ng3 Nxc4 31. Nf5 Rxb2+ 32. Ka1 Rd2 33. Ne7+ Kf8
34. Nd5 Rf2 35. Nxc7 Ke7 36. Rd1 Nd6 37. Kb1 Rf8 38. Kc2 Rc8 39. Nd5+ Kxe6 40.
Nxb6 Rb8 41. Rxd6+ Kxd6 42. Nc4+ Ke6 43. Nxa5 g5 44. Kc3 h5 45. Nc4 g4 46. hxg4
hxg4 47. Ne3 g3 48. Kc4 Ra8 49. Kb3 Rf8 50. Kc4 Rf3 51. Ng2 Rxa3 52. Nh4 Ra2
53. Nf3 g2 54. Kxc5 Rc2+ 55. Kb4 Rc1 56. Kb3 g1=Q 0-1

[Event "46th Guernsey Open"]
[Site "?"]
[Date "2022.10.16"]
[Round "1"]
[White "Havenaar, Jan"]
[Black "Eedle, Eric F"]
[Result "0-1"]
[WhiteElo "2008"]
[BlackElo "1667"]
[PlyCount "32"]
[EventDate "2022.??.??"]

1. Nc3 c5 2. e4 Nc6 3. Bb5 Nd4 4. Nf3 a6 5. Bd3 g6 6. Nxd4 cxd4 7. Ne2 d5 8. e5
Bg7 9. f4 f6 10. exf6 Nxf6 11. Nxd4 Nh5 12. Ne2 e5 13. fxe5 O-O 14. Bxg6 Qh4+
15. g3 Nxg3 16. Nxg3 Bg4 0-1

[Event "46th Guernsey Open"]
[Site "?"]
[Date "2022.10.16"]
[Round "1"]
[White "Reink, Geerhard"]
[Black "Cordova Lopez, Diego Anton"]
[Result "0-1"]
[WhiteElo "1647"]
[BlackElo "2006"]
[PlyCount "54"]
[EventDate "2022.??.??"]

1. c4 e6 2. Nc3 d5 3. cxd5 exd5 4. d4 c5 5. Nf3 Nf6 6. g3 Nc6 7. Bg2 cxd4 8.
Nxd4 Bc5 9. Nxc6 bxc6 10. O-O O-O 11. e3 h5 12. h4 Re8 13. a3 Bb6 14. b4 Bg4
15. Qc2 Rc8 16. Na4 Ne4 17. Kh2 Bc7 18. Nc5 Qxh4+ 19. Kg1 Nxg3 20. fxg3 Qxg3
21. Rf2 h4 22. Kf1 h3 23. Bh1 h2 24. Rg2 Bh3 25. Qf2 Qg4 26. Qe2 Bxg2+ 27. Bxg2
Qh3 0-1

[Event "46th Guernsey Open"]
[Site "?"]
[Date "2022.10.16"]
[Round "1"]
[White "Collier, David O"]
[Black "Poldermans, Daan"]
[Result "1-0"]
[WhiteElo "2004"]
[BlackElo "1626"]
[PlyCount "51"]
[EventDate "2022.??.??"]

1. e4 e6 2. d3 d5 3. Nd2 c5 4. Ngf3 Nc6 5. g3 Nf6 6. Bg2 Be7 7. O-O O-O 8. Re1
Qc7 9. c3 b5 10. Nf1 Bb7 11. e5 Nd7 12. Bf4 Rfc8 13. h4 Nf8 14. Qe2 Qd8 15.
N1h2 a5 16. Ng4 Qe8 17. h5 Nd8 18. Ng5 Bc6 19. Nh3 Ra7 20. Nf6+ gxf6 21. Qg4+
Kh8 22. Bh6 Ng6 23. exf6 Bxf6 24. hxg6 fxg6 25. Nf4 Nf7 26. Rxe6 1-0

[Event "46th Guernsey Open"]
[Site "?"]
[Date "2022.10.16"]
[Round "1"]
[White "Goman, Colin"]
[Black "Heppell, Ian N"]
[Result "0-1"]
[WhiteElo "1619"]
[BlackElo "1999"]
[PlyCount "66"]
[EventDate "2022.??.??"]

1. d4 d6 2. Nf3 f5 3. c4 Nf6 4. Bf4 g6 5. Nbd2 Bg7 6. h3 O-O 7. e3 Qe8 8. Qc2
Nc6 9. Bh2 e5 10. d5 Nb4 11. Qb3 Na6 12. Qc2 Nb4 13. Qb3 a5 14. a3 Na6 15. Rd1
Nc5 16. Qc2 a4 17. Be2 f4 18. exf4 Bf5 19. Qc1 exf4 20. Bxf4 Nd3+ 21. Kf1 Nxc1
22. Rxc1 Ne4 23. Nb1 Bxb2 24. Rc2 Ng3+ 25. Bxg3 Bxc2 26. Nbd2 Qe7 27. Bh4 Bf6
28. g3 Rae8 29. Bxf6 Qxe2+ 30. Kg2 Rxf6 31. Re1 Qxe1 32. Nxe1 Rxe1 33. Nf3 Be4
0-1

[Event "46th Guernsey Open"]
[Site "?"]
[Date "2022.10.16"]
[Round "1"]
[White "Kraft, Karl Heinz"]
[Black "Berkley, Stephen W"]
[Result "1/2-1/2"]
[WhiteElo "1989"]
[BlackElo "1617"]
[PlyCount "55"]
[EventDate "2022.??.??"]

1. d4 e6 2. e4 d5 3. Nc3 Nf6 4. e5 Nfd7 5. f4 c5 6. Nf3 Nc6 7. Be3 Be7 8. Qd2
O-O 9. h4 a6 10. h5 cxd4 11. Nxd4 Nxd4 12. Bxd4 Bc5 13. Rh3 Bxd4 14. Qxd4 f5
15. O-O-O Qa5 16. Kb1 Qc5 17. Ne2 Qxd4 18. Nxd4 Nc5 19. Bd3 b5 20. Nb3 Nxb3 21.
axb3 Bb7 22. Be2 Kf7 23. Rd4 Rac8 24. Rc3 Rxc3 25. bxc3 Bc6 26. Bf3 Rb8 27. Kc1
Be8 28. Kd2 1/2-1/2

[Event "46th Guernsey Open"]
[Site "?"]
[Date "2022.10.16"]
[Round "1"]
[White "Kershaw, Graham J"]
[Black "Hamperl, Fred A"]
[Result "0-1"]
[WhiteElo "1609"]
[BlackElo "1983"]
[PlyCount "52"]
[EventDate "2022.??.??"]

1. e4 c5 2. Nf3 Nc6 3. d4 cxd4 4. Nxd4 e5 5. Nb5 d6 6. c4 Be6 7. Be3 Nf6 8. f3
Be7 9. Be2 O-O 10. N5c3 Ne8 11. O-O Bg5 12. Bf2 Rc8 13. Na3 a6 14. b3 Qa5 15.
Na4 Nd4 16. Be1 Qc7 17. Bd2 Bxd2 18. Qxd2 Bd7 19. Kh1 Bxa4 20. bxa4 Qc5 21. Nc2
Nxe2 22. Qxe2 Qxc4 23. Qxc4 Rxc4 24. Ne3 Rxa4 25. Rfd1 g6 26. Rd2 b5 0-1

[Event "46th Guernsey Open"]
[Site "?"]
[Date "2022.10.16"]
[Round "1"]
[White "Rosen, Daniel B"]
[Black "Finch, Russell J"]
[Result "1-0"]
[WhiteElo "1976"]
[BlackElo "1613"]
[PlyCount "117"]
[EventDate "2022.??.??"]

1. e4 e5 2. Nf3 Nc6 3. Bb5 a6 4. Ba4 Nf6 5. O-O Be7 6. d3 b5 7. Bb3 d6 8. c3
Na5 9. Bc2 c5 10. Qe2 O-O 11. Nbd2 Qc7 12. Rd1 Bd7 13. Nf1 Rfc8 14. Bg5 Be6 15.
Bxf6 Bxf6 16. Ne3 g6 17. h4 Qe7 18. g3 h5 19. Nd2 Ra7 20. Bb3 Nxb3 21. axb3 Qb7
22. c4 Bg7 23. Nd5 Bxd5 24. cxd5 Qd7 25. Kg2 Bf6 26. Ra2 a5 27. Rda1 Rca8 28.
Nb1 Kg7 29. Qe1 Qd8 30. Nc3 Qb6 31. Nd1 Qd8 32. Ne3 Ra6 33. Qh1 Qd7 34. f3 Qd8
35. Qh3 R8a7 36. Kf2 Qe7 37. Ke2 Ra8 38. g4 Qd7 39. Qg3 Rh8 40. g5 Bd8 41. f4
exf4 42. Qxf4 Re8 43. Rf1 Ra7 44. Raa1 Qe7 45. Rf3 Qe5 46. Qxe5+ Rxe5 47. Raf1
Re8 48. Nc2 Re5 49. Na3 Rb7 50. Nxb5 Ree7 51. Nxd6 Rbd7 52. Nc4 Rxd5 53. Rxf7+
Rxf7 54. Rxf7+ Kxf7 55. exd5 Bc7 56. Kf3 Ke7 57. Ke4 Bg3 58. Ne5 Bxh4 59. Nxg6+
1-0

[Event "46th Guernsey Open"]
[Site "?"]
[Date "2022.10.16"]
[Round "1"]
[White "Collins, Alan"]
[Black "Robinson, John K"]
[Result "1/2-1/2"]
[WhiteElo "1606"]
[BlackElo "1967"]
[PlyCount "45"]
[EventDate "2022.??.??"]

1. f4 g6 2. Nf3 Bg7 3. g3 d6 4. Bg2 Nf6 5. d3 c6 6. e4 Qb6 7. c3 O-O 8. Qe2 Bg4
9. Be3 Qc7 10. O-O Nbd7 11. h3 Bxf3 12. Rxf3 a5 13. Nd2 a4 14. d4 e5 15. dxe5
dxe5 16. f5 b5 17. g4 h6 18. Bf2 Kh7 19. Rd3 Rfd8 20. Rd1 Nb6 21. Nf1 g5 22.
Bc5 Bf8 23. Bxf8 1/2-1/2

[Event "46th Guernsey Open"]
[Site "?"]
[Date "2022.10.16"]
[Round "1"]
[White "Santos, Joao Artur Almeida"]
[Black "Henry, Eric"]
[Result "1-0"]
[WhiteElo "1954"]
[BlackElo "1558"]
[PlyCount "61"]
[EventDate "2022.??.??"]

1. e4 d5 2. exd5 Qxd5 3. Nc3 Qa5 4. d4 c6 5. Nf3 Nf6 6. Bc4 Bf5 7. Bd2 Qc7 8.
Ne5 e6 9. g4 Be4 10. Nxe4 Nxe4 11. Bf4 Bd6 12. Qe2 Nf6 13. O-O-O Nd5 14. Bg3
O-O 15. Bd3 Nd7 16. Nc4 Bf4+ 17. Kb1 b5 18. Ne5 Nxe5 19. dxe5 g6 20. Qe4 Bh6
21. h4 Ne7 22. h5 Bg7 23. Bh4 a6 24. Bf6 c5 25. Bxg7 Kxg7 26. Qf4 Nd5 27. Qh2
Rh8 28. Be4 Rad8 29. Qh4 Qe7 30. Qxe7 Nxe7 31. h6+ 1-0

[Event "46th Guernsey Open"]
[Site "?"]
[Date "2022.10.16"]
[Round "1"]
[White "Beadle, John R"]
[Black "Van Dijk, Bram"]
[Result "0-1"]
[WhiteElo "1556"]
[BlackElo "1950"]
[PlyCount "32"]
[EventDate "2022.??.??"]

1. e4 g6 2. Nf3 Bg7 3. d4 d6 4. h3 Nd7 5. c4 e5 6. d5 Ne7 7. Nc3 O-O 8. Be2 a5
9. O-O Nc5 10. Be3 b6 11. Qd2 f5 12. exf5 gxf5 13. Bh6 Ng6 14. Bxg7 Kxg7 15.
Nh2 Nf4 16. Bd1 Qg5 0-1

[Event "46th Guernsey Open"]
[Site "?"]
[Date "2022.10.16"]
[Round "1"]
[White "Roberts, Tallulah"]
[Black "De Dreu, Dies"]
[Result "0-1"]
[WhiteElo "1521"]
[BlackElo "1924"]
[PlyCount "100"]
[EventDate "2022.??.??"]

1. c4 e5 2. g3 Nc6 3. Bg2 Nf6 4. Nc3 Bb4 5. Nd5 Bc5 6. e3 O-O 7. Ne2 Re8 8. O-O
h6 9. d4 exd4 10. exd4 Bf8 11. Nec3 d6 12. Bf4 a6 13. b4 Rb8 14. a4 Bf5 15. b5
Na5 16. c5 Nxd5 17. Nxd5 Be4 18. Rc1 Bxg2 19. Kxg2 g5 20. Qg4 Bg7 21. Be3 dxc5
22. Nc3 Nb3 23. Rcd1 Nxd4 24. h4 f6 25. hxg5 fxg5 26. Ne4 Qd5 27. f3 axb5 28.
axb5 b6 29. Rh1 Qe6 30. Qh5 Nf5 31. Bxg5 hxg5 32. Qh7+ Kf8 33. Rhe1 Qa2+ 34.
Rd2 Qf7 35. Rde2 Nd4 36. Nxg5 Rxe2+ 37. Rxe2 Qf5 38. Qxf5+ Nxf5 39. Ne6+ Kf7
40. Nxc7 Nd4 41. Re4 Rc8 42. Rf4+ Kg8 43. Nd5 Re8 44. Nxb6 Nxb5 45. Rc4 Bd4 46.
Nd7 Re2+ 47. Kh3 Nd6 48. Ra4 c4 49. Ra6 Nf7 50. Rc6 c3 0-1

[Event "46th Guernsey Open"]
[Site "?"]
[Date "2022.10.16"]
[Round "1"]
[White "Strade, Arita"]
[Black "Bennett, David"]
[Result "1-0"]
[WhiteElo "1918"]
[BlackElo "1408"]
[PlyCount "59"]
[EventDate "2022.??.??"]

1. e4 e5 2. Nf3 Nc6 3. Bb5 Nd4 4. Nxd4 exd4 5. c3 c6 6. Bc4 Bc5 7. Bxf7+ Ke7 8.
Qh5 d6 9. Bb3 Qf8 10. e5 Qf5 11. Qh4+ Ke8 12. cxd4 Bb6 13. O-O d5 14. d3 Ne7
15. Be3 Ng6 16. Qg3 Bd8 17. Bd1 Bh4 18. Qf3 Qxd3 19. Nc3 Rf8 20. Qe2 Qxe2 21.
Bxe2 Bf5 22. Rac1 Kf7 23. g3 Be7 24. g4 Bd7 25. f4 Rfc8 26. f5 Nf8 27. e6+ Bxe6
28. fxe6+ Kxe6 29. g5 Ng6 30. Bg4+ 1-0

[Event "46th Guernsey Open"]
[Site "?"]
[Date "2022.10.16"]
[Round "1"]
[White "Rowe, Oliver"]
[Black "Dijksterhuis, Rolf"]
[Result "0-1"]
[WhiteElo "1515"]
[BlackElo "1911"]
[PlyCount "62"]
[EventDate "2022.??.??"]

1. d4 d5 2. Nf3 c5 3. c3 e6 4. Bf4 Nc6 5. e3 Nf6 6. h3 Be7 7. Be2 O-O 8. Nbd2
a6 9. a4 Nd7 10. O-O f6 11. e4 cxd4 12. exd5 exd5 13. c4 dxc4 14. Bxc4+ Kh8 15.
Ne4 Nde5 16. Nxe5 fxe5 17. Bh2 Bf5 18. Re1 Bg6 19. Rc1 Qd7 20. Re2 Rac8 21. Nc3
Qf5 22. Nd5 Bg5 23. g4 Qf3 24. Bxe5 Nxe5 25. Qxd4 Nxc4 26. Rce1 Rcd8 27. Re7
Bf6 28. Qxc4 Qxd5 29. Qxd5 Rxd5 30. Rxb7 Rfd8 31. b4 Rd1 0-1

[Event "46th Guernsey Open"]
[Site "?"]
[Date "2022.10.16"]
[Round "1"]
[White "Goris, Ton"]
[Black "Harnden, Terry"]
[Result "1-0"]
[WhiteElo "1897"]
[BlackElo "1488"]
[PlyCount "85"]
[EventDate "2022.??.??"]

1. e4 c5 2. c3 d6 3. d4 cxd4 4. cxd4 Nf6 5. Nc3 g6 6. Nf3 Nc6 7. Bd3 Bg7 8. d5
Ne5 9. Nxe5 dxe5 10. O-O O-O 11. Qb3 b6 12. h3 Bd7 13. Be3 Rc8 14. Rfd1 Qc7 15.
Rac1 Qb8 16. Ba6 Rc7 17. f3 Bc8 18. Bc4 Bd7 19. Bb5 Bxb5 20. Qxb5 Ne8 21. Qb3
Nd6 22. Nb5 Rxc1 23. Rxc1 Nxb5 24. Qxb5 Rc8 25. Rc6 Rxc6 26. dxc6 Qc7 27. Qc4
Bf8 28. b4 e6 29. b5 Ba3 30. Qd3 Bd6 31. g3 f6 32. Kg2 Kf7 33. a4 Ke7 34. Bc1
a5 35. Ba3 Qd8 36. Bc1 Qc7 37. Be3 Qd8 38. Qd2 Qc7 39. Qf2 Qd8 40. Bxb6 Bc7 41.
Bxc7 Qxc7 42. Qc5+ Kf7 43. b6 1-0

[Event "46th Guernsey Open"]
[Site "?"]
[Date "2022.10.16"]
[Round "1"]
[White "Royle, Nick"]
[Black "Hill, Andy"]
[Result "0-1"]
[WhiteElo "1482"]
[BlackElo "1896"]
[PlyCount "52"]
[EventDate "2022.??.??"]

1. e4 e6 2. b3 d5 3. Bb2 Nf6 4. exd5 exd5 5. d4 Bd6 6. Qe2+ Be6 7. Nc3 O-O 8.
O-O-O Re8 9. Qd3 Qd7 10. Re1 Na6 11. f3 Bf4+ 12. Kb1 Bf5 13. Rxe8+ Rxe8 14. Qd1
Nb4 15. Bd3 Bxd3 16. cxd3 Qf5 17. Nh3 Be3 18. a3 Qxd3+ 19. Ka1 Qa6 20. Na4 Nd3
21. Nc5 Nxc5 22. dxc5 Bxc5 23. b4 Bxb4 24. Qb3 Bd6 25. Bxf6 gxf6 26. Ka2 Re2+
0-1

[Event "46th Guernsey Open"]
[Site "?"]
[Date "2022.10.16"]
[Round "1"]
[White "Fryer, David W"]
[Black "Nalichowski, Bogdan"]
[Result "1-0"]
[WhiteElo "1876"]
[BlackElo "1361"]
[PlyCount "83"]
[EventDate "2022.??.??"]

1. e4 e5 2. Nf3 Nc6 3. Bc4 Nd4 4. Nxd4 exd4 5. d3 c6 6. O-O b5 7. Bb3 Bd6 8. e5
Bc7 9. Nd2 Ne7 10. Nf3 c5 11. Ng5 O-O 12. Qh5 h6 13. Nxf7 Rxf7 14. Qxf7+ Kh7
15. Bg5 Qg8 16. Bxe7 Qxf7 17. Bxf7 Bxe5 18. Rfe1 d6 19. f4 Bf6 20. Bxf6 gxf6
21. Re8 Bb7 22. Rxa8 Bxa8 23. f5 a5 24. Re1 Kg7 25. Re7 Kf8 26. Re8+ Kxf7 27.
Rxa8 a4 28. Ra7+ Ke8 29. Kf2 d5 30. Ke2 h5 31. g3 Kd8 32. h3 Kc8 33. g4 hxg4
34. hxg4 c4 35. dxc4 dxc4 36. Ra6 Kc7 37. Rxf6 b4 38. Ra6 b3 39. axb3 d3+ 40.
cxd3 c3 41. bxc3 axb3 42. Kd2 1-0

[Event "46th Guernsey Open"]
[Site "?"]
[Date "2022.10.16"]
[Round "1"]
[White "Hafthorsson, Jon Ulfur"]
[Black "Sedgwick, David R"]
[Result "1/2-1/2"]
[WhiteElo "1327"]
[BlackElo "1874"]
[PlyCount "107"]
[EventDate "2022.??.??"]

1. e4 e6 2. e5 d5 3. exd6 Bxd6 4. Nf3 Nc6 5. Bb5 Bd7 6. d4 h6 7. O-O Nf6 8. Nc3
O-O 9. a3 a6 10. Ba4 b5 11. Bb3 e5 12. dxe5 Nxe5 13. Bf4 Nxf3+ 14. Qxf3 Bg4 15.
Qg3 Qd7 16. Bxd6 cxd6 17. f3 Be6 18. Rad1 Bxb3 19. cxb3 d5 20. Rd4 Rad8 21.
Rfd1 Qc6 22. Ne4 Nxe4 23. fxe4 Rd6 24. exd5 Qb6 25. Kh1 Re8 26. h3 Rg6 27. Rg4
Re3 28. Rxg6 fxg6 29. Qf4 g5 30. Qf5 Qf6 31. Qxf6 gxf6 32. d6 Re8 33. d7 Rd8
34. b4 Kf7 35. b3 Ke7 36. Rc1 Rxd7 37. Rc6 Rd3 38. Rxa6 Rxb3 39. Rb6 Rxa3 40.
Rxb5 Rb3 41. Rb6 h5 42. b5 g4 43. hxg4 hxg4 44. Kg1 g3 45. Kf1 f5 46. Rb8 f4
47. b6 Rb1+ 48. Ke2 Kf7 49. b7 Kg7 50. Kf3 Rb4 51. Kg4 Kh7 52. Rf8 Rxb7 53.
Rxf4 Rb3 54. Rf3 1/2-1/2